Etica para ingenieros

I tiakina i:
Ngā taipitopito rārangi puna kōrero
Ngā kaituhi matua: Bilbao, Galo (Author), Fuertes, Javier (Author), Guibert, José María (Author)
Hōputu: Pukapuka
Reo:Pāniora
I whakaputaina: Bilbao, España Desclée De Brouwer 2006
Rangatū:Colección Etica de las Profesiones
Ngā marau:
Urunga tuihono:Disponible Online - Cap. 1,3,4,8 y 9
Ngā Tūtohu: Tāpirihia he Tūtohu
Kāore He Tūtohu, Me noho koe te mea tuatahi ki te tūtohu i tēnei pūkete!

MARC

LEADER 00000cam a2200000 a 4500
001 UCI7588
003 CL-VaPUC
005 20220319074521.0
008 080710e20060000SP |||||||||||||||||spa|d
999 |c 330811  |d 330809 
020 |a 8433020749 
040 |c Pontificia Universidad Católica de Valparaíso 
082 0 4 |a 174.962 BIL 2006  |2 21 
100 0 |a Bilbao, Galo  |e author  |9 530847 
245 1 0 |a Etica para ingenieros 
260 |a Bilbao, España   |b Desclée De Brouwer  |c 2006 
300 |a 304 páginas  
440 |a Colección Etica de las Profesiones  |9 860623 
583 |a last modification  |c 20181214 09:05:39  |k Rodrigo Vera 
650 0 |a Ética  |9 255099 
650 0 |a Ingeniería   |9 259380 
650 0 |a Etica profesional   |9 255694 
700 0 |a Fuertes, Javier  |e author  |9 530848 
700 |a Guibert, José María  |e author  |9 576021 
856 |u http://bibliografiadigital.pucv.cl.pucv.idm.oclc.org/index.php/bibliotecapucv/catalog/book/332  |y Disponible Online - Cap. 1,3,4,8 y 9  
942 |c BK  |2 ddc 
945 |d 20080710 00:00:00  |a jtorresc 
952 |0 0  |1 0  |4 0  |6 174_962000000000000_BIL_2006  |7 0  |8 A  |9 416648  |a BIBTEO  |b BIBTEO  |d 2019-11-22  |i 4456351  |o 174.962 BIL 2006  |p 4456351  |r 2025-01-17  |w 2019-11-22  |y BK  |k ICR 
952 |0 0  |1 0  |3 erb  |4 0  |6 174_962000000000000_BIL_2006  |7 0  |8 A  |9 416649  |a BIBING  |b BIBING  |i 552394K  |l 4  |o 174.962 BIL 2006  |p 552394K  |r 2025-01-20  |s 2024-04-10  |w 2019-11-22  |y BK  |z Catalogado en:20181220  |k EII 
952 |0 0  |1 0  |3 erb  |4 0  |6 174_962000000000000_BIL_2006  |7 0  |8 A  |9 416650  |a BIBING  |b BIBING  |i 5523958  |l 1  |m 2  |o 174.962 BIL 2006  |p 5523958  |r 2025-01-20  |s 2022-08-08  |w 2019-11-22  |y BK  |z Catalogado en:20181220  |k EII